Top 50 Cities With The Highest Murder Rate - Statistics

General Stats
  • This quiz has been taken 32 times
  • The average score is 17 of 50
Answer Stats
Rate Hint City % Correct
39.8 South Africa Johannesburg
96%
66.9 South Africa Cape Town
93%
70.5 Jamaica Kingston
93%
78.4 Venezuela Caracas
89%
67.2 Haiti Port-Au-Prince
85%
76.9 South Africa Durban
78%
148.0 Mexico Tijuana
78%
31.2 United States Detroit
70%
30.9 South Africa Pretoria
70%
83.8 Ecuador Guayaquil
63%
43.8 Colombia Cali
59%
34.9 Puerto Rico San Juan
59%
47.7 Brazil Manaus
56%
49.6 United States Saint Louis
56%
66.3 Mexico Ciudad Juarez
52%
32.0 United States New Orleans
52%
32.8 Honduras Tegucigalpa
52%
45.1 Brazil Salvador
48%
36.0 Brazil Fortaleza
44%
44.4 United States Memphis
44%
37.6 Brazil Recife
44%
35.6 United States Baltimore
41%
32.5 Colombia Barranquilla
37%
42.1 Mexico Cancun
37%
37.1 Mexico Leon
37%
57.6 Venezuela Maracaibo
33%
42.6 Honduras San Pedro Sula
30%
65.6 Mexico Acapulco
26%
39.9 Mexico Chihuahua
19%
65.5 South Africa Buffalo City
11%
76.5 Ecuador Machala
4%
39.3 Mexico Morelia
4%
68.1 South Africa Pietermaritzburg
4%
77.5 Mexico Uruapan
4%
34.2 Colombia Buenaventura
0%
96.0 Mexico Cajeme
0%
67.8 Mexico Celaya
0%
132.8 Mexico Ciudad Obregon
0%
181.9 Mexico Colima
0%
60.2 Mexico Cuernavaca
0%
134.6 Ecuador Duran
0%
32.4 Mexico Ensenada
0%
66.1 Brazil Feira de Santana
0%
61.6 Mexico Irapuato
0%
62.4 Brazil Macapa
0%
87.9 South Africa Nelson Mandela Bay
0%
74.7 Ecuador Portoviejo
0%
37.2 Colombia Santa Marta
0%
42.2 Brazil Vitoria da Conquista
0%
108.2 Mexico Zacatecas
0%
No matching quizzes found
Score Distribution
Percent of People with Each Score
Percentile by Number Answered
Your Score History
You have not taken this quiz